000 00553nam a2200193 a 4500
001 2334
003 CDMR
005 20131126141955.0
008 130130s1971||||||||||||||||||||||||||||d
040 _aCDMR
_bcat
_cCDMR
100 1 _aBazin, Jean François
_91751
245 1 3 _aLa revue de presse
_cJean-François Bazin
260 _aParis
_c1971
_bChotard et Associés
300 _a133 p.
490 0 _aL'expression au service de l'homme
650 0 4 _92798
_aComunicació en l'empresa
650 0 4 _93564
_aPeriodisme
_xFonts d'informació
942 _cMON
_2udc
999 _c2334
_d2334